000 01182nam a22002897a 4500
005 20240530110500.0
008 150625s2011 ua aobka 000 0 ara d
017 _a2010/20786
_bمصر . دار الكتب المصرية
020 _a9776171273
040 _aEG-CaGPL
082 0 4 _221
_a001.2
_bط/د م
100 1 _aهاريل ، كارين
245 1 0 _aمن اين ياتى ماء الصنبور ؟ /
_cتاليف كارين هاريل ؛ رسومات شارل دوتارتر ؛ ترجمة محمد فؤاد ؛ مراجعة ميريام رزق الله
250 _aط1
260 _aالقاهرة :
_bدار البلسم للنشر و التوزيع ،
_c2011 .
300 _a( د.ت ) :
_bايض ؛
_c20 سم .
490 _aملف الاستكشاف
650 0 4 _aكتب الاطفال
650 0 4 _aتعليم الاطفال
650 0 4 _aالمياه
_xكتب الاطفال
650 0 4 _aالمعرفة
_xكتب الاطفال
700 1 _aدوتارتر ، شارل
_eرسام
700 0 _a محمد فؤاد
_eمترجم
700 0 _aميريام رزق الله
_eمراجع
942 _2ddc
_cBK
999 _c61448
_d61448